| 000 | 00626nam a2200181 i 4500 | ||
|---|---|---|---|
| 001 | 44594 | ||
| 003 | ES-MaACL | ||
| 005 | 20230906161048.0 | ||
| 007 | t| | ||
| 008 | 030321q18501890sp ||||1| spa d | ||
| 100 | 1 |
_aClermont. _939231 |
|
| 245 | 1 | 0 |
_aExtracto del catálogo de observaciones fisiológicas y clínicas sobre las aguas minerales de Vals, Ardèche / _cpor el doctor Clermont. |
| 250 | _a5ª ed. | ||
| 260 |
_aParis, etc. ; _aMadrid, etc. : _bJ.B. Baillière et Fils : _bBailly-Baillière, _c[18-?] |
||
| 300 |
_a84 p. ; _c25 cm. |
||
| 650 | 4 |
_aAguas minerales- _zFrancia. _9135524 |
|
| 852 |
_aES-MaACL _jT-252-F-5 |
||
| 999 |
_c44594 _d44594 |
||